| 000 | 00468nam a2200181Ia 4500 | ||
|---|---|---|---|
| 001 | 7839 | ||
| 005 | 20260306160525.0 | ||
| 008 | 260306t2017||||xx |||||||||||||| ||spa|| | ||
| 041 | _aESP | ||
| 082 |
_a362.828 _bD71 |
||
| 100 |
_aDíaz-Peñalver Arias, Paz _eAUT |
||
| 245 | 0 | _aIntervención con familias y atención a menores en riesgo social | |
| 260 | _c2017 | ||
| 300 |
_a190 páginas : _c26 cm. |
||
| 650 | _aGEN | ||
| 654 | _aCED | ||
| 942 |
_cLIB _dJUS _fJUS _2ddc _n |
||
| 999 |
_c7839 _d7839 |
||